000 00379nam a2200145Ia 4500
008 230917s9999||||xx |||||||||||||| ||und||
040 _e36548
_aMAIN
041 _aEnglish
082 _a658.4 E78M
100 _aEaston, Allan
245 0 _aManaging for negative growth: A handbook for practitioners
260 _aVirginia
_bReston
_c1976
300 _axv, 251 p.
942 _cBK
999 _c185396
_d185396